[Event "OLNW 1819 HSK Lister Turm - MTV Tostedt"]
[Site "?"]
[Date "2018.10.21"]
[Round "1.6"]
[White "Virag, Attila Aba"]
[Black "Hoegy, Kevin"]
[Result "1-0"]
[WhiteElo "2248"]
[BlackElo "2279"]
[PlyCount "209"]
[EventDate "2018.??.??"]

1. e4 e5 2. Nf3 Nc6 3. Bb5 Nf6 4. d3 Ne7 5. O-O c6 6. Ba4 Ng6 7. Re1 Bb4 8. c3
Ba5 9. Nbd2 O-O 10. Bb3 Bc7 11. Nf1 d5 12. Ng3 dxe4 13. dxe4 Bg4 14. Bg5 h6 15.
Qxd8 Bxd8 16. Bxf6 Bxf6 17. Nd2 Rad8 18. Nc4 Nf4 19. h3 Be6 20. Na5 Bc8 21.
Rad1 Nd3 22. Re2 Nc5 23. Red2 Nxb3 24. axb3 g6 25. Nf1 Bg5 26. Ne3 h5 27. Kf1
Rxd2 28. Rxd2 Rd8 29. Ke2 Rxd2+ 30. Kxd2 Be7 31. Kd3 Kf8 32. Ke2 Ke8 33. Nac4
f6 34. g4 hxg4 35. hxg4 b5 36. Nd2 Bc5 37. f3 a6 38. b4 Bb6 39. Nb3 Kf7 40. Nc1
Kg7 41. Nd3 Kh6 42. Nf2 Be6 43. Nh3 Kg7 44. Nf2 Ba7 45. Nd3 Kh6 46. Nc5 Bc8 47.
Nd1 Kg5 48. Nf2 Bb8 49. Ncd3 Bd6 50. Ke3 Kh4 51. Nc5 Bf8 52. Nfd3 Bh6+ 53. Kf2
Kh3 54. Nb3 Be6 55. Na5 Bc4 56. Nc5 Bc1 57. b3 Bf7 58. Nxa6 Bd2 59. c4 bxc4 60.
bxc4 c5 61. Nxc5 Bxb4 62. Ncb7 Be8 63. c5 Bb5 64. c6 Bc3 65. c7 Bd4+ 66. Ke1
Bd7 67. Nc4 f5 68. gxf5 gxf5 69. Nbd6 Kg3 70. Ke2 fxe4 71. fxe4 Kf4 72. Kd3 Bc5
73. c8=Q Bxc8 74. Nxc8 Bd4 75. Ne7 Kg5 76. Nc6 Bg1 77. N6xe5 Kf6 78. Nf3 Bf2
79. Ne3 Bg3 80. Kc4 Ke6 81. Nc2 Bb8 82. Ncd4+ Kf7 83. Kd5 Bf4 84. Ne2 Bb8 85.
Ne5+ Kg7 86. Ke6 Kh6 87. Kf5 Kh5 88. Nc3 Bd6 89. Nd5 Kh4 90. Nc4 Bb8 91. Ke6
Bh2 92. Ne5 Kh3 93. Kf5 Kg2 94. Nf4+ Kf1 95. Nf3 Bg3 96. e5 Bf2 97. e6 Bc5 98.
Ne5 Ba3 99. Nc4 Bb4 100. Nd5 Bc5 101. Ke5 Bf8 102. Kf6 Bc5 103. Nc3 Bf2 104.
Ne4 Bh4+ 105. Ng5 1-0

[Event "OLNW 1819 HSK Lister Turm - MTV Tostedt"]
[Site "?"]
[Date "2018.10.21"]
[Round "1.8"]
[White "Wolter, Jens"]
[Black "Krueger, Robin Kevin"]
[Result "1-0"]
[WhiteElo "2142"]
[BlackElo "1970"]
[PlyCount "61"]
[EventDate "2018.??.??"]

1. e4 e5 2. Nf3 Nc6 3. Bb5 f5 4. Nc3 fxe4 5. Nxe4 d5 6. Nxe5 dxe4 7. Nxc6 Qd5
8. c4 Qd6 9. Nxa7+ Bd7 10. Bxd7+ Qxd7 11. Nb5 Nf6 12. d4 exd3 13. O-O c6 14.
Nc3 Bc5 15. Re1+ Kf7 16. Be3 Bxe3 17. Rxe3 Rad8 18. Qd2 Rhe8 19. Rae1 Rxe3 20.
Rxe3 Qd4 21. c5 b6 22. cxb6 c5 23. h3 c4 24. b3 cxb3 25. axb3 Qxb6 26. Rxd3
Rxd3 27. Qxd3 Qxb3 28. Qd4 Qe6 29. Nb5 Qe1+ 30. Kh2 Ne4 31. Qxe4 1-0

[Event "OLNW 1819 Hamelner SV - MTV Tostedt"]
[Site "?"]
[Date "2018.11.11"]
[Round "2.1"]
[White "Bokros, Albert"]
[Black "Bode, Wilfried"]
[Result "1-0"]
[WhiteElo "2455"]
[BlackElo "2348"]
[PlyCount "73"]
[EventDate "2018.??.??"]

1. e4 e5 2. Nf3 Nc6 3. Bb5 Nf6 4. d3 d6 5. c4 Be7 6. h3 O-O 7. Be3 Nb8 8. O-O
c6 9. Ba4 a5 10. Nc3 Na6 11. d4 exd4 12. Nxd4 Nc5 13. Bc2 g6 14. f4 Nfd7 15. b3
Re8 16. Qf3 Bf8 17. Rad1 Qc7 18. Kh1 b6 19. Qf2 Bb7 20. f5 Bg7 21. Bg5 Be5 22.
Qh4 f6 23. fxg6 hxg6 24. Bc1 Re7 25. Nce2 Nf8 26. Nf3 Nh7 27. Qg4 Rg7 28. Nxe5
dxe5 29. Bh6 Re7 30. Qxg6+ Kh8 31. Qh5 Rg8 32. Rf3 Ne6 33. Rdf1 c5 34. Rg3 Nd4
35. Rxg8+ Kxg8 36. Nxd4 cxd4 37. Rf3 1-0

[Event "OLNW 1819 Hamelner SV - MTV Tostedt"]
[Site "?"]
[Date "2018.11.11"]
[Round "2.2"]
[White "Tonndorf, Matthias"]
[Black "Izsak, Gyula"]
[Result "0-1"]
[WhiteElo "2227"]
[BlackElo "2425"]
[PlyCount "48"]
[EventDate "2018.??.??"]

1. d4 d5 2. Nc3 Nf6 3. Bg5 Nbd7 4. Qd3 h6 5. Bf4 c6 6. Nf3 e6 7. e4 Bb4 8. exd5
Nxd5 9. Bd2 O-O 10. Be2 Nxc3 11. bxc3 Bd6 12. g4 e5 13. g5 Re8 14. dxe5 Nxe5
15. Nxe5 Rxe5 16. gxh6 Bf5 17. Qf3 Qd7 18. Rg1 g6 19. h4 Kh7 20. Bg5 Qe6 21.
Be3 Re8 22. Qf4 Bc5 23. Qh2 Kg8 24. Bc4 Rxe3+ 0-1

[Event "OLNW 1819 Hamelner SV - MTV Tostedt"]
[Site "?"]
[Date "2018.11.11"]
[Round "2.3"]
[White "Szeberenyi, Adam"]
[Black "van Son, Lutz"]
[Result "1-0"]
[WhiteElo "2377"]
[BlackElo "2169"]
[PlyCount "67"]
[EventDate "2018.??.??"]

1. d4 d5 2. c4 e6 3. Nc3 f5 4. Nf3 Nf6 5. Bf4 c6 6. e3 Be7 7. Qc2 O-O 8. Bd3
Ne4 9. g4 Qa5 10. Ke2 Nd7 11. gxf5 exf5 12. cxd5 Nxc3+ 13. bxc3 Qxd5 14. h4 Nf6
15. Ne5 Qe6 16. Bc4 Nd5 17. h5 Bf6 18. Rag1 Qe7 19. Bxd5+ cxd5 20. h6 g6 21.
Rxg6+ hxg6 22. h7+ Qxh7 23. Rxh7 Kxh7 24. Qb1 g5 25. Qh1+ Kg7 26. Bxg5 Bxg5 27.
Qg2 Kf6 28. f4 Bxf4 29. Qg6+ Ke7 30. Qg7+ Ke8 31. exf4 Be6 32. Ng6 Rf7 33. Qg8+
Kd7 34. Qxa8 1-0

[Event "OLNW 1819 Hamelner SV - MTV Tostedt"]
[Site "?"]
[Date "2018.11.11"]
[Round "2.4"]
[White "Renner, Kai"]
[Black "Nedic, Dusan"]
[Result "1-0"]
[WhiteElo "2169"]
[BlackElo "2289"]
[PlyCount "111"]
[EventDate "2018.??.??"]

1. e4 e5 2. Nf3 Nc6 3. Bb5 a6 4. Ba4 Nf6 5. O-O Be7 6. Re1 b5 7. Bb3 d6 8. c3
O-O 9. d4 Bg4 10. Be3 Bh5 11. h3 Re8 12. Nbd2 d5 13. exd5 Nxd5 14. dxe5 Nxe3
15. Rxe3 Bc5 16. Re4 Nxe5 17. Rxe5 Rxe5 18. g4 Re7 19. gxh5 Qd7 20. Kg2 Rae8
21. Nf1 Qc8 22. Ng3 Bd6 23. Qd5 Bxg3 24. Kxg3 c6 25. Qg5 h6 26. Qf4 c5 27. Rd1
c4 28. Bc2 Re2 29. Rd2 Rxd2 30. Qxd2 Qc7+ 31. Kg2 Qc5 32. Qd7 Kf8 33. Qg4 Re2
34. Qd4 Qe7 35. Qd1 Re6 36. Qd5 Re2 37. Nd4 Re5 38. Qa8+ Qe8 39. Qxe8+ Kxe8 40.
Bd1 Kd7 41. Kf1 g6 42. hxg6 fxg6 43. Bc2 g5 44. f3 Re8 45. Kf2 Rf8 46. Ke3 Re8+
47. Be4 Kd6 48. Nf5+ Kc5 49. Nxh6 Rh8 50. Nf7 Rxh3 51. Nxg5 Rh2 52. f4 Kd6 53.
f5 Rxb2 54. f6 Rxa2 55. Nh7 Ke6 56. Bd5+ 1-0

[Event "OLNW 1819 Hamelner SV - MTV Tostedt"]
[Site "?"]
[Date "2018.11.11"]
[Round "2.5"]
[White "Hoegy, Kevin"]
[Black "Schmidt, Dennis"]
[Result "1-0"]
[WhiteElo "2268"]
[BlackElo "2035"]
[PlyCount "93"]
[EventDate "2018.??.??"]

1. d4 Nf6 2. Nf3 g6 3. c4 Bg7 4. Nc3 d6 5. e4 O-O 6. Be2 e5 7. O-O Nc6 8. dxe5
Nxe5 9. Nxe5 dxe5 10. Be3 c6 11. Qa4 Qe7 12. Rfd1 Be6 13. b4 Nd7 14. b5 Nb6 15.
Qb3 f5 16. a4 f4 17. Bxb6 axb6 18. bxc6 f3 19. Bxf3 bxc6 20. Rab1 b5 21. Qb4
Qg5 22. Be2 Bh3 23. Bf1 Rxf2 24. Kxf2 Rf8+ 25. Qxf8+ Bxf8 26. gxh3 Bc5+ 27. Ke1
Qe3+ 28. Ne2 Bb6 29. Rd7 Qf2+ 30. Kd2 Qe3+ 31. Kd1 Qxe4 32. Rc1 Be3 33. Rc3 b4
34. Rcd3 c5 35. Ng3 Qf3+ 36. Be2 Qf2 37. R3d6 Qg1+ 38. Nf1 Qh1 39. a5 Qe4 40.
Nxe3 Qxe3 41. a6 Qg1+ 42. Kd2 Qg5+ 43. Kc2 Qe3 44. Bd3 e4 45. a7 exd3+ 46. Rxd3
Qe4 47. a8=Q+ 1-0

[Event "OLNW 1819 Hamelner SV - MTV Tostedt"]
[Site "?"]
[Date "2018.11.11"]
[Round "2.6"]
[White "David, Adrian"]
[Black "Haerig, Wilfried"]
[Result "0-1"]
[WhiteElo "2250"]
[BlackElo "2079"]
[PlyCount "62"]
[EventDate "2018.??.??"]

1. f4 c5 2. Nf3 Nc6 3. g3 g6 4. Bg2 Bg7 5. O-O Nf6 6. d3 d5 7. c3 O-O 8. Na3
Rb8 9. Nh4 e6 10. e4 b5 11. e5 Ne8 12. Be3 b4 13. cxb4 cxb4 14. Nc2 f6 15. Bc5
Rf7 16. d4 b3 17. Ne3 bxa2 18. Rxa2 Bf8 19. Bxf8 Kxf8 20. Nf3 Rfb7 21. exf6
Nxf6 22. Ne5 Qb6 23. Nc2 Kg7 24. Qd3 Rc7 25. Rfa1 a6 26. Nxc6 Rxc6 27. Ne3 Qb3
28. Qd2 Rb4 29. Nd1 Rc2 30. Qe1 Rxd4 31. Ra3 Qb6 0-1

[Event "OLNW 1819 Hamelner SV - MTV Tostedt"]
[Site "?"]
[Date "2018.11.11"]
[Round "2.8"]
[White "Koch, Yannick"]
[Black "Krueger, Robin Kevin"]
[Result "0-1"]
[WhiteElo "2059"]
[BlackElo "1965"]
[PlyCount "76"]
[EventDate "2018.??.??"]

1. d4 d5 2. c4 e6 3. Nc3 c5 4. cxd5 exd5 5. Nf3 Nc6 6. g3 Nf6 7. Bg5 Be7 8. Bg2
O-O 9. O-O c4 10. Ne5 Be6 11. b3 Rc8 12. bxc4 dxc4 13. Nxc6 bxc6 14. Qd2 h6 15.
Bxf6 Bxf6 16. Rfd1 Qd7 17. Ne4 Be7 18. Qa5 Qc7 19. Qxc7 Rxc7 20. e3 Rfc8 21.
Nc5 Bxc5 22. dxc5 Rb8 23. Rab1 Rb5 24. Rxb5 cxb5 25. c6 Kf8 26. Kf1 Ke7 27. Ke1
b4 28. Kd2 a5 29. a3 Kd6 30. axb4 axb4 31. Ra1 Bd5 32. e4 Bxc6 33. Ra6 Kc5 34.
Ra5+ Kd4 35. Rf5 c3+ 36. Kc1 b3 37. Ra5 b2+ 38. Kc2 Rb7 0-1

[Event "OLNW 1819 SK Nordhorn Blanke - HSK List"]
[Site "?"]
[Date "2018.11.11"]
[Round "2.1"]
[White "Voege, Tobias"]
[Black "Kroeze, Frank"]
[Result "0-1"]
[WhiteElo "2222"]
[BlackElo "2376"]
[PlyCount "68"]
[EventDate "2018.??.??"]

1. d4 Nf6 2. c4 g6 3. Nc3 d5 4. cxd5 Nxd5 5. e4 Nxc3 6. bxc3 Bg7 7. Bc4 c5 8.
Ne2 O-O 9. O-O Nc6 10. Be3 Bg4 11. f3 Bd7 12. Rb1 Qc7 13. Qc1 b6 14. Rd1 Rad8
15. Bh6 Na5 16. Bxg7 Kxg7 17. Bd3 e5 18. Qg5 f6 19. Qg3 Ba4 20. Rd2 Qe7 21. h4
exd4 22. cxd4 c4 23. Bc2 c3 24. Nxc3 Nc4 25. Rf2 Bxc2 26. Rxc2 Na3 27. Rbc1
Nxc2 28. Rxc2 Rxd4 29. Nd5 Qe5 30. Nf4 Kh8 31. Rc7 Rg8 32. Kh2 Rd1 33. Ne2 Qa1
34. Rg7 Rh1# 0-1

[Event "OLNW 1819 SK Nordhorn Blanke - HSK List"]
[Site "?"]
[Date "2018.11.11"]
[Round "2.2"]
[White "Elgersma, Simon"]
[Black "Polster, Christian"]
[Result "0-1"]
[WhiteElo "2186"]
[BlackElo "2299"]
[PlyCount "98"]
[EventDate "2018.??.??"]

1. e4 g6 2. d4 Bg7 3. Nf3 c6 4. Nc3 d5 5. h3 dxe4 6. Nxe4 Nd7 7. Bd3 Ngf6 8.
Nxf6+ Nxf6 9. O-O Qd6 10. Re1 O-O 11. Qe2 Re8 12. c3 Nd5 13. Ne5 f6 14. Nxg6
hxg6 15. Bxg6 Bd7 16. Qh5 Nf4 17. Qh7+ Kf8 18. g3 Nxh3+ 19. Kf1 Qd5 20. Bh6
Qh1+ 21. Ke2 Ng1+ 22. Rxg1 Bg4+ 23. Kd3 Qxh6 24. Qxh6 Bxh6 25. Rh1 Kg7 26. Bxe8
Rxe8 27. f4 e5 28. Rh4 e4+ 29. Ke3 Bf3 30. g4 Rh8 31. Rh5 Bxg4 32. Rg1 Kg6 33.
Rh4 Bxf4+ 34. Kxf4 Rxh4 35. Rxg4+ Rxg4+ 36. Kxg4 f5+ 37. Kf4 Kf6 38. c4 Ke6 39.
Ke3 Kd6 40. a4 b6 41. Kf4 Kc7 42. Ke3 b5 43. b3 bxa4 44. bxa4 Kb6 45. Kf4 Ka5
46. c5 Kb4 47. a5 Kc4 48. Ke5 e3 49. d5 e2 0-1

[Event "OLNW 1819 SK Nordhorn Blanke - HSK List"]
[Site "?"]
[Date "2018.11.11"]
[Round "2.3"]
[White "Hoerstmann, Rudi"]
[Black "Bertholee, Rob"]
[Result "1/2-1/2"]
[WhiteElo "2226"]
[BlackElo "2318"]
[PlyCount "170"]
[EventDate "2018.??.??"]

1. d4 e6 2. c4 Bb4+ 3. Bd2 Qe7 4. g3 Nc6 5. e3 Nf6 6. Bg2 O-O 7. Ne2 e5 8. d5
Nd8 9. O-O a5 10. Qc2 Ne8 11. Rc1 Bxd2 12. Nxd2 f5 13. c5 Ra6 14. a3 a4 15. Qc4
d6 16. cxd6 Qxd6 17. Nc3 Bd7 18. b4 axb3 19. Qxb3 Kh8 20. a4 b6 21. Nc4 Qf6 22.
a5 bxa5 23. Rxa5 Rxa5 24. Nxa5 e4 25. Ne2 Nf7 26. Nd4 Ne5 27. Nb7 Nd3 28. Ra1
f4 29. gxf4 Nxf4 30. exf4 Qxd4 31. Rd1 Qa7 32. Rc1 Rxf4 33. Nc5 Nf6 34. Qe3
Nxd5 35. Qd2 c6 36. Bxe4 Bh3 37. Kh1 Qf7 38. f3 Rxf3 39. Bxf3 Qxf3+ 40. Kg1
Qg4+ 41. Kh1 h6 42. Re1 Qf3+ 43. Kg1 Qg4+ 44. Kh1 Nf4 45. Re8+ Kh7 46. Qc2+ Ng6
47. Re1 Qf3+ 48. Kg1 Qg4+ 49. Kh1 Qf3+ 50. Kg1 Bf5 51. Qf2 Qd5 52. Rc1 Bh3 53.
Qc2 Qg5+ 54. Kh1 Bf5 55. Qc3 Bg4 56. Rf1 Nh4 57. Qd3+ Bf5 58. Qg3 Qe7 59. Re1
Qd8 60. Qe5 Qg5 61. Qg3 Qd8 62. Qe5 Qd2 63. Rg1 g5 64. Qe7+ Kg6 65. Qe8+ Kg7
66. Qe7+ Kg6 67. Qe8+ Kf6 68. Ne4+ Bxe4+ 69. Qxe4 Qd5 70. Rf1+ Nf5 71. Qxd5
cxd5 72. Re1 g4 73. Kg2 Kg5 74. Kf2 Kf4 75. Re8 h5 76. Rh8 h4 77. Rd8 d4 78.
Re8 h3 79. Rd8 Ke4 80. Ke2 d3+ 81. Rxd3 Nd4+ 82. Rxd4+ Kxd4 83. Kf2 Ke4 84. Kg1
Kf3 85. Kh1 Kf2 1/2-1/2

[Event "OLNW 1819 SK Nordhorn Blanke - HSK List"]
[Site "?"]
[Date "2018.11.11"]
[Round "2.4"]
[White "Plasman, Hans"]
[Black "Hoerstmann, Martin"]
[Result "0-1"]
[WhiteElo "2145"]
[BlackElo "2234"]
[PlyCount "80"]
[EventDate "2018.??.??"]

1. e4 c6 2. c4 d5 3. exd5 cxd5 4. cxd5 Nf6 5. Nc3 Nxd5 6. Nf3 e6 7. Bc4 Nc6 8.
O-O Be7 9. d4 Nxc3 10. bxc3 O-O 11. Qe2 b6 12. Re1 Na5 13. Bd3 Bb7 14. Bd2 Rc8
15. Ne5 Bf6 16. Qh5 g6 17. Qh3 Bd5 18. Ng4 Bg7 19. Nh6+ Kh8 20. Nxf7+ Rxf7 21.
Bxg6 Qg8 22. Bxf7 Qxf7 23. Bg5 Nc4 24. Re2 Rg8 25. f4 Qg6 26. Rae1 Rf8 27. Qg3
Qf5 28. h3 Rf7 29. Rd1 h6 30. Qh4 Bf8 31. Rde1 Kh7 32. g3 Bg7 33. Kh2 Qg6 34.
Be7 Qd3 35. Bg5 Qf3 36. Be7 Qxc3 37. f5 Rxf5 38. Qg4 Bxd4 39. Bb4 Qd3 40. Qh4
Bg7 0-1

[Event "OLNW 1819 SK Nordhorn Blanke - HSK List"]
[Site "?"]
[Date "2018.11.11"]
[Round "2.5"]
[White "Hampel, Felix"]
[Black "Oehne, Timo"]
[Result "1-0"]
[WhiteElo "2219"]
[BlackElo "2118"]
[PlyCount "57"]
[EventDate "2018.??.??"]

1. d4 d5 2. c4 e5 3. dxe5 d4 4. Nf3 Nc6 5. g3 Be6 6. b3 Qd7 7. Bg2 O-O-O 8. O-O
Bh3 9. e3 Bxg2 10. Kxg2 Bc5 11. exd4 Bxd4 12. Nxd4 Nxd4 13. Bb2 Ne7 14. Bxd4
Nf5 15. Nc3 Nxd4 16. Nd5 Nc6 17. f4 h5 18. Qf3 h4 19. Rad1 Qf5 20. Ne3 Qh7 21.
Rxd8+ Rxd8 22. Rd1 Rxd1 23. Qxd1 Qe4+ 24. Kf2 hxg3+ 25. hxg3 Nd4 26. Nd5 c6 27.
Nc3 Qc2+ 28. Qxc2 Nxc2 29. Ne4 1-0

[Event "OLNW 1819 SK Nordhorn Blanke - HSK List"]
[Site "?"]
[Date "2018.11.11"]
[Round "2.6"]
[White "Hoellmann, Ludger"]
[Black "Virag, Attila Aba"]
[Result "0-1"]
[WhiteElo "2144"]
[BlackElo "2259"]
[PlyCount "66"]
[EventDate "2018.??.??"]

1. Nf3 d6 2. d4 Nf6 3. c4 c5 4. Nc3 cxd4 5. Nxd4 Nc6 6. e4 g6 7. Be2 Bg7 8. Be3
O-O 9. Qd2 Re8 10. f3 Bd7 11. O-O a6 12. Rfd1 Qb8 13. a4 Rc8 14. a5 Qc7 15.
Nxc6 bxc6 16. Na4 Re8 17. Nb6 Rad8 18. c5 Bc8 19. cxd6 exd6 20. Nxc8 Qxc8 21.
Bb6 Rd7 22. Rac1 d5 23. Qc2 dxe4 24. fxe4 Rxd1+ 25. Rxd1 Nxe4 26. Bd3 Nf6 27.
Qc4 Nd5 28. Qxa6 Qg4 29. Rf1 Bd4+ 30. Bxd4 Qxd4+ 31. Rf2 Nb4 32. Qb7 Re1+ 33.
Bf1 Rxf1+ 0-1

[Event "OLNW 1819 SK Nordhorn Blanke - HSK List"]
[Site "?"]
[Date "2018.11.11"]
[Round "2.7"]
[White "Gentemann, Moritz"]
[Black "Bierenbroodspot, Paul"]
[Result "1-0"]
[WhiteElo "2195"]
[BlackElo "2099"]
[PlyCount "65"]
[EventDate "2018.??.??"]

1. c4 c6 2. Nf3 d5 3. e3 e6 4. b3 f5 5. Bb2 Nf6 6. Nc3 Bd6 7. d4 O-O 8. Bd3 Ne4
9. O-O Nd7 10. Ne2 Qf6 11. Nf4 a5 12. Rc1 Kh8 13. Be2 Ng5 14. Nd3 Nxf3+ 15.
Bxf3 Qh6 16. g3 Nf6 17. Ne5 Bd7 18. Rc2 Be8 19. Bc1 Bh5 20. e4 g5 21. Bxh5 Nxh5
22. exd5 exd5 23. cxd5 cxd5 24. Qf3 f4 25. Qxd5 fxg3 26. hxg3 Rad8 27. Bxg5 Qg7
28. Bxd8 Nxg3 29. fxg3 Qxg3+ 30. Rg2 Qe3+ 31. Rff2 Qc1+ 32. Kh2 Qh6+ 33. Bh4
1-0

[Event "OLNW 1819 SK Nordhorn Blanke - HSK List"]
[Site "?"]
[Date "2018.11.11"]
[Round "2.8"]
[White "ter Stal, Sven"]
[Black "Wolter, Jens"]
[Result "1/2-1/2"]
[WhiteElo "1920"]
[BlackElo "2147"]
[PlyCount "56"]
[EventDate "2018.??.??"]

1. e4 c5 2. Nf3 Nc6 3. d4 cxd4 4. Nxd4 g6 5. Be3 Nf6 6. Nc3 Bg7 7. Bc4 O-O 8.
Bb3 a5 9. f3 d5 10. Nxc6 bxc6 11. exd5 Nxd5 12. Nxd5 cxd5 13. Bd4 e6 14. Bxg7
Kxg7 15. Qd4+ Qf6 16. c3 Bd7 17. O-O-O Rfc8 18. Qxf6+ Kxf6 19. Rd4 a4 20. Bc2
Rc5 21. a3 e5 22. Rb4 Ke6 23. g4 h6 24. h4 Ra6 25. g5 h5 26. Re1 Kd6 27. Rd1
Ke6 28. Re1 Kd6 1/2-1/2

[Event "OLNW 1819 SV Hellern - SK Union Oldenbu"]
[Site "?"]
[Date "2018.11.11"]
[Round "2.1"]
[White "Bredemeier, Dirk"]
[Black "Lingnau, Carsten"]
[Result "1/2-1/2"]
[WhiteElo "2286"]
[BlackElo "2423"]
[PlyCount "53"]
[EventDate "2018.??.??"]

1. d4 Nf6 2. c4 e6 3. Nc3 Bb4 4. e3 O-O 5. Nge2 d5 6. a3 Be7 7. Nf4 c6 8. h3
Bd6 9. cxd5 cxd5 10. Bd3 Nc6 11. O-O b6 12. b4 Bb7 13. Nh5 Rc8 14. Bb2 Bb8 15.
Nxf6+ Qxf6 16. f4 Ne7 17. g4 g5 18. Ne2 Qh6 19. Kg2 f5 20. fxg5 Qxg5 21. Nf4
Ng6 22. Bc1 Qh4 23. gxf5 Nxf4+ 24. exf4 exf5 25. Qf3 Kh8 26. Bd2 Qf6 27. Qf2
1/2-1/2

[Event "OLNW 1819 SV Hellern - SK Union Oldenbu"]
[Site "?"]
[Date "2018.11.11"]
[Round "2.2"]
[White "Ewert, Hannes"]
[Black "Mueer, Sebastian"]
[Result "1-0"]
[WhiteElo "2299"]
[BlackElo "2205"]
[PlyCount "77"]
[EventDate "2018.??.??"]

1. Nf3 c5 2. c4 Nc6 3. g3 g6 4. Bg2 Bg7 5. Nc3 e5 6. O-O Nge7 7. Ne1 d6 8. Nc2
Be6 9. Ne3 O-O 10. a3 Qd7 11. Rb1 Bh3 12. b4 Bxg2 13. Kxg2 f5 14. Ned5 f4 15.
f3 Nxd5 16. cxd5 Nd4 17. bxc5 dxc5 18. g4 e4 19. Nxe4 Qxd5 20. Bb2 Rae8 21.
Bxd4 Qxd4 22. Qc2 b6 23. a4 Re5 24. d3 Kh8 25. Rb5 h5 26. h3 Bf6 27. a5 Bd8 28.
axb6 axb6 29. Rfb1 Rfe8 30. Qc1 Rf8 31. Qb2 Qd5 32. Ra1 Bf6 33. Nxf6 Rxf6 34.
d4 Ree6 35. dxc5 bxc5 36. Rb8+ Kg7 37. Ra7+ Kh6 38. h4 g5 39. Rh8+ 1-0

[Event "OLNW 1819 SV Hellern - SK Union Oldenbu"]
[Site "?"]
[Date "2018.11.11"]
[Round "2.3"]
[White "Wittje, Berthold"]
[Black "Boettcher, Christian"]
[Result "1/2-1/2"]
[WhiteElo "2241"]
[BlackElo "2176"]
[PlyCount "42"]
[EventDate "2018.??.??"]

1. Nf3 f5 2. g3 Nf6 3. Bg2 g6 4. O-O Bg7 5. d4 O-O 6. b3 d6 7. Bb2 Qe8 8. c4
Na6 9. d5 c6 10. Nc3 Rb8 11. Nd4 Bd7 12. Qd2 Nc7 13. e4 c5 14. Nde2 b5 15. cxb5
Nxb5 16. Nxb5 Rxb5 17. exf5 Bxf5 18. Rfe1 Qf7 19. Nf4 Ng4 20. Bxg7 Qxg7 21. h3
Ne5 {(=)} 1/2-1/2

[Event "OLNW 1819 SV Hellern - SK Union Oldenbu"]
[Site "?"]
[Date "2018.11.11"]
[Round "2.4"]
[White "Stock, Joerg"]
[Black "Meessen, Max"]
[Result "0-1"]
[WhiteElo "2200"]
[BlackElo "2195"]
[PlyCount "69"]
[EventDate "2018.??.??"]

1. e4 e5 2. Nf3 Nc6 3. Bb5 a6 4. Bxc6 dxc6 5. O-O f6 6. d4 Bg4 7. dxe5 Qxd1 8.
Rxd1 fxe5 9. Re1 Bd6 10. Nbd2 Ne7 11. h3 Be6 12. b3 c5 13. Bb2 Nc6 14. Ng5 Bg8
15. f4 Nd4 16. Rac1 exf4 17. Ndf3 Ne6 18. Nxe6 Bxe6 19. Bxg7 Rg8 20. e5 Be7 21.
Bh6 Bxh3 22. Re2 O-O-O 23. Rf1 Be6 24. Bxf4 c4 25. Be3 Rg4 26. Rd2 Rf8 27. Rfd1
Bf5 28. Rf1 Be4 29. Re2 h5 30. Rff2 h4 31. Nh2 Rg6 32. Bf4 Bc5 33. Be3 Bxe3 34.
Rxe3 Bxg2 35. Rxg2 0-1

[Event "OLNW 1819 SV Hellern - SK Union Oldenbu"]
[Site "?"]
[Date "2018.11.11"]
[Round "2.5"]
[White "Schuette, Marc"]
[Black "Happe, Reinhold"]
[Result "1-0"]
[WhiteElo "2092"]
[BlackElo "2138"]
[PlyCount "115"]
[EventDate "2018.??.??"]

1. e4 e5 2. Nf3 Nc6 3. Nc3 Nf6 4. Bb5 Bd6 5. d3 h6 6. a3 a6 7. Bc4 Bc5 8. Be3
Bxe3 9. fxe3 O-O 10. Qd2 d6 11. O-O Be6 12. Nd5 Bxd5 13. exd5 Ne7 14. e4 Ng6
15. g3 Qd7 16. Rae1 c6 17. dxc6 bxc6 18. Ba2 Rab8 19. c3 Qb7 20. Rf2 Qb6 21. h3
c5 22. Kg2 Rb7 23. Nh2 Qd8 24. Ref1 Nh5 25. Bd5 Rc7 26. Rf5 Nhf4+ 27. gxf4 Nh4+
28. Kh1 Nxf5 29. exf5 Qh4 30. fxe5 dxe5 31. Qg2 Kh8 32. Qe4 Qxe4+ 33. dxe4 f6
34. Ng4 Rb8 35. Rf2 Kh7 36. h4 h5 37. Ne3 Rd8 38. Rg2 Rb8 39. Nc4 Rd8 40. Kg1
Rcd7 41. Kf1 Rb8 42. Ke2 Rbd8 43. Ke3 Rb8 44. Kd3 Rc7 45. a4 Kh8 46. Na5 Rcc8
47. Nc4 Rd8 48. Kc2 Rd7 49. Ne3 Kh7 50. Kb1 Rd6 51. Bc4 Kh6 52. Rg6+ Kh7 53.
Be2 Rh8 54. Nc4 Rc6 55. Kc2 Kg8 56. Nxe5 Rc7 57. Bc4+ Kf8 58. Nd3 1-0

[Event "OLNW 1819 SV Hellern - SK Union Oldenbu"]
[Site "?"]
[Date "2018.11.11"]
[Round "2.6"]
[White "Weist, Thorben"]
[Black "Wagner, Jan"]
[Result "0-1"]
[WhiteElo "2076"]
[BlackElo "2140"]
[PlyCount "62"]
[EventDate "2018.??.??"]

1. e4 g6 2. d4 Bg7 3. Nf3 d6 4. c4 Bg4 5. Be2 Nc6 6. Be3 e5 7. d5 Bxf3 8. Bxf3
Nd4 9. Nc3 Ne7 10. Nb5 Nxf3+ 11. Qxf3 O-O 12. O-O f5 13. Rac1 Qd7 14. Nc3 f4
15. Bd2 Kh8 16. Qe2 f3 17. gxf3 Ng8 18. f4 exf4 19. f3 Nh6 20. Nd1 Rae8 21. Rc2
g5 22. Nf2 g4 23. Kg2 Nf5 24. Nxg4 Nd4 25. Qd3 h5 26. Nf2 Nxc2 27. Qxc2 Be5 28.
Kh1 Rg8 29. Nd3 Qh3 30. Rf2 Bd4 31. Bc3 Qxf3+ 0-1

[Event "OLNW 1819 SV Hellern - SK Union Oldenbu"]
[Site "?"]
[Date "2018.11.11"]
[Round "2.7"]
[White "Buerckner, Hartmut"]
[Black "Lewin, Tammo"]
[Result "1-0"]
[WhiteElo "2156"]
[BlackElo "2078"]
[PlyCount "97"]
[EventDate "2018.??.??"]

1. Nf3 e6 2. c4 f5 3. Nc3 Nf6 4. b3 Be7 5. Bb2 O-O 6. g3 d6 7. Bg2 e5 8. d3 c6
9. Qc2 Qc7 10. Rc1 h6 11. O-O Be6 12. b4 Nbd7 13. b5 Nh7 14. e3 g5 15. Nd2 g4
16. bxc6 bxc6 17. Ne2 Rab8 18. d4 e4 19. Nf4 Bf7 20. Rb1 Ng5 21. Rfc1 Bf6 22.
Bc3 h5 23. Qa4 Nb6 24. Qa5 Qd7 25. Bf1 h4 26. Rb3 hxg3 27. hxg3 d5 28. cxd5
Nxd5 29. Ra3 Rb7 30. Ba6 Rc7 31. Qa4 Nxf4 32. exf4 Nh3+ 33. Kf1 e3 34. fxe3 Qd5
35. e4 fxe4 36. Qd1 Qf5 37. Nc4 Nxf4 38. Ne3 Qh5 39. Qxg4+ Bg7 40. gxf4 Qh1+
41. Qg1 Qh3+ 42. Ke1 Bh5 43. f5 Kh7 44. Bf1 Qh4+ 45. Qf2 Qe7 46. Qh2 Qxa3 47.
Qxh5+ Bh6 48. Bd2 Re8 49. Qg6+ 1-0

[Event "OLNW 1819 SV Hellern - SK Union Oldenbu"]
[Site "?"]
[Date "2018.11.11"]
[Round "2.8"]
[White "zur Lage, Julian"]
[Black "Heinemann, Ernst"]
[Result "1-0"]
[WhiteElo "2119"]
[BlackElo "2084"]
[PlyCount "87"]
[EventDate "2018.??.??"]

1. d4 Nf6 2. Nf3 c5 3. d5 g6 4. Nc3 d6 5. Bg5 Bg7 6. e4 O-O 7. Be2 b6 8. Qd2
Ba6 9. Bxa6 Nxa6 10. Bh6 Nc7 11. Bxg7 Kxg7 12. O-O-O b5 13. e5 dxe5 14. Nxe5 b4
15. Na4 Ncxd5 16. Nxc5 Qa5 17. Ned7 Qxa2 18. Qd4 Rfd8 19. Rhe1 Rxd7 20. Nxd7
Rc8 21. Nxf6 Nxf6 22. Qxb4 Qa1+ 23. Kd2 Qa6 24. Re3 e5 25. Rd3 Rc4 26. Qa3 Qc6
27. c3 Qxg2 28. Qxa7 Rf4 29. Kc1 Rxf2 30. R3d2 Rxd2 31. Rxd2 Qg5 32. Kc2 Ng4
33. b4 Ne3+ 34. Kb3 Qg1 35. Qc5 Qb1+ 36. Ka4 Qa1+ 37. Kb3 Qb1+ 38. Ka4 Qa1+ 39.
Kb5 Qf1+ 40. c4 Qf4 41. Re2 Ng4 42. Qd5 f5 43. h3 Ne3 44. Qc5 1-0

[Event "OLNW 1819 Delmenhorster SK - Hannover 9"]
[Site "?"]
[Date "2018.11.11"]
[Round "2.1"]
[White "Piepho, Niels"]
[Black "Hoeffer, David"]
[Result "0-1"]
[WhiteElo "2250"]
[BlackElo "2239"]
[PlyCount "56"]
[EventDate "2018.??.??"]

1. Nf3 Nf6 2. g3 g6 3. Bg2 Bg7 4. O-O O-O 5. c4 d6 6. Nc3 Nc6 7. d3 e5 8. a3 a5
9. Rb1 Nd4 10. Nxd4 exd4 11. Nb5 Ne8 12. e3 dxe3 13. Bxe3 c6 14. Nc3 Nc7 15.
Qd2 Bf5 16. Rfd1 Ne6 17. Bh6 Re8 18. Bxg7 Kxg7 19. Ne2 Qf6 20. Qc3 Nc5 21. Nc1
Re7 22. Kf1 a4 23. Ra1 Rae8 24. f3 Qxc3 25. bxc3 Re3 26. g4 Nxd3 27. Nxd3 Bxd3+
28. Kg1 R8e6 0-1

[Event "OLNW 1819 Delmenhorster SK - Hannover 9"]
[Site "?"]
[Date "2018.11.11"]
[Round "2.2"]
[White "Hedke, Fred"]
[Black "Helmer, Christoph"]
[Result "1/2-1/2"]
[WhiteElo "2274"]
[BlackElo "2124"]
[PlyCount "57"]
[EventDate "2018.??.??"]

1. e4 c5 2. d4 cxd4 3. c3 dxc3 4. Nxc3 d6 5. Bc4 Nc6 6. Nf3 a6 7. O-O Nf6 8. h3
e6 9. Qe2 Qc7 10. Bf4 Ne5 11. Bb3 Be7 12. Rac1 Qb8 13. Nd4 O-O 14. Be3 Bd7 15.
f4 Nc6 16. f5 Nxd4 17. Bxd4 b5 18. fxe6 fxe6 19. e5 dxe5 20. Bxe5 Qe8 21. Ne4
Rc8 22. Nd6 Bxd6 23. Bxd6 Rf7 24. Rcd1 Nd5 25. Rxf7 Qxf7 26. Rf1 Qg6 27. Qf3 h6
28. Be5 Bc6 29. Rf2 1/2-1/2